Návrh a výroba víťaznej trofeje pomocou CAx technológií

Saved in:
Bibliographic Details
Main Author: Kurucová, Katarína (Author)
Other Authors: Milde, Ján (Thesis advisor)
Format: Manuscript Book
Language:Slovak
Published: 2024
Subjects:
Online Access:http://is.stuba.sk/zp/portal_zp.pl?podrobnosti=169297
Tags: Add Tag
No Tags, Be the first to tag this record!

MARC

LEADER 00000ntm a22000003a 4500
001 stuzp97717
003 SK-STU
005 20240629211415.5
007 ta
008 150427s2015----xo-----f-mn---000-0-slo-d
040 |a STU  |b slo 
041 0 |a slo 
100 1 |a Kurucová, Katarína  |u 063000  |4 aut  |U MTF Materiálovotechnologická fakulta  |T MTF Ústav výrobných technológií  |X 116514  |U M3000  |Y 83  |7 116514 
242 0 1 |a Design and production of the winning trophy using CAx technologies  |y eng 
245 1 0 |a Návrh a výroba víťaznej trofeje pomocou CAx technológií 
260 |c 2024 
650 4 |a model  |2 slo 
650 4 |a CAD  |2 slo 
650 4 |a FDM  |2 slo 
650 4 |a CAD  |2 eng 
650 4 |a FDM  |2 eng 
650 4 |a model  |2 eng 
700 1 |a Milde, Ján  |u 063200  |k Z1  |4 ths  |U MTF Ústav výrobných technológií  |T MTF Katedra obrábania a počítačovej podpory technológií  |X 56936  |U M3200  |Y 164  |7 A000056936 
856 4 |u http://is.stuba.sk/zp/portal_zp.pl?podrobnosti=169297 
996 |c M* BP-9797  |l MMSKP  |s P  |a 0  |w stuzp97717_0001